000 00865nas a2200277 4500
001 BR2010004442
003 BR-BrBNA
005 20231205114741.0
007 ta
008 230509b bl.|||p| |||| 00| 00por d
040 _aBR-BrBNA
_bpor
_cBiblioteca Nacional de Agricultura
041 _a(Pt)
072 _aH20; H10
100 1 _aKupper, K.C.
100 1 _aBellotte, J.A.M.
100 1 _aGoes, A. de
245 1 _aControle alternativo de Colletotrichum acutatum, agente causal da queda prematura dos frutos cítricos
650 _aDOENÇA DE pLANTA
650 _aBIOFERTILIZANTE
650 _aCITRICULTURA
650 _aLARANJA
650 _aPATÓGENO
773 0 _tRevista Brasileira de Fruticultura (Brazil)
_xISSN 0100 2945
_g(Dec 2009), v. 31(4) p. 1004-1015
_wBR2010004442
909 _a202311
_bLúcia
_c55
_dLúcia Elande
942 _2AGRIS
_n0
_cANA
999 _c210295
_d210295